000 00351nam a2200145Ia 4500
008 221030s9999 xx 000 0 und d
041 _aEnglish
082 _a105.23
100 _aS. L. Kakani
245 0 _aText book of electronics ed.II
_cby S. L. Kakani, K. C. Bhandari
260 _c0
650 _aB
700 _aK. C. Bhandari
942 _cBK
999 _c11624
_d11624